[Event "European Seniors Teams Ch."]
[Site "Olympus"]
[Date "2011.05.09"]
[Round "7"]
[Board "4"]
[White "Kristjansson, Sigurdur"]
[Black "Hajenius, Willem"]
[Result "0-1"]
[WhiteElo "1945"]
[BlackElo "1983"]
[PlyCount "94"]
[EventDate "2011.05.03"]
[EventType "team"]
[EventRounds "9"]
[EventCountry "GRE"]
[WhiteTeam "Polar Bears Iceland"]
[BlackTeam "Belgium"]

1.c4 Nf6 2.Nc3 g6 3.g3 Bg7 4.Bg2 c6 5.d3 O-O 6.Bd2 d5 7.cxd5 cxd5 8.d4 Nc6 9.e3
Nb4 10.Qb3 Nd3+ 11.Ke2 Bf5 12.Nxd5 Ne4 13.Be1 e6 14.Nc3 Nec5 15.Qa3 Nxe1 16.Kxe1
Bxd4 17.Nge2 Nd3+ 18.Kf1 Bc5 19.Qb3 Qf6 20.Nf4 Rfd8 21.Ncd5 Rxd5 22.Bxd5 exd5
23.Nxd3 Bxe3 24.Ke2 Bg4+ 25.Kxe3 Qf3+ 26.Kd4 Qe4+ 27.Kc5 Rc8+ 28.Kb5 Bd7+ 29.Ka5
b6+ 30.Ka6 Rc7 31.Rac1 Bc8+ 32.Kb5 Bd7+ 33.Ka6 Bc8+ 34.Kb5 a6+ 35.Kxb6 Rb7+
36.Ka5 Rxb3 37.axb3 Bd7 38.Nc5 Qe2 39.Kb6 Qb5+ 40.Kc7 Qc6+ 41.Kd8 Bf5 42.Rhe1
Qc8+ 43.Ke7 Qf8+ 44.Kf6 Qd6+ 45.Kg5 Kg7 46.Re8 h6+ 47.Kh4 Qf6# 0-1

[Event "European Seniors Teams Ch."]
[Site "Olympus"]
[Date "2011.05.09"]
[Round "7"]
[Board "2"]
[White "Bhend, Edwin"]
[Black "James, Geoffrey H"]
[Result "1/2-1/2"]
[WhiteElo "2257"]
[BlackElo "2207"]
[PlyCount "63"]
[EventDate "2011.05.03"]
[EventType "team"]
[EventRounds "9"]
[EventCountry "GRE"]
[WhiteTeam "Switzerland"]
[BlackTeam "England 1"]

1.e4 e5 2.Nc3 Nc6 3.Nf3 Nf6 4.Bb5 d6 5.d4 exd4 6.Nxd4 Bd7 7.O-O Nxd4 8.Qxd4 Bxb5
9.Nxb5 a6 10.Nc3 Be7 11.b3 Nd7 12.Nd5 Bf6 13.Nxf6+ Qxf6 14.Qxf6 Nxf6 15.Bb2 O-O
16.f3 Nd7 17.Rfe1 Rae8 18.Kf2 f5 19.exf5 Rxe1 20.Rxe1 Rxf5 21.Re7 Rf7 22.Re8+
Rf8 23.Re6 Nc5 24.Re7 Rf7 25.Re8+ Rf8 26.Rxf8+ Kxf8 27.Ke3 Kf7 28.g4 g6 29.f4
Ne6 30.h4 d5 31.h5 c6 32.hxg6+ 1/2-1/2

[Event "European Seniors Teams Ch."]
[Site "Olympus"]
[Date "2011.05.09"]
[Round "7"]
[Board "3"]
[White "Norman, Kenneth I"]
[Black "Hohler, Peter"]
[Result "1/2-1/2"]
[WhiteElo "2188"]
[BlackElo "2157"]
[PlyCount "30"]
[EventDate "2011.05.03"]
[EventType "team"]
[EventRounds "9"]
[EventCountry "GRE"]
[WhiteTeam "England 1"]
[BlackTeam "Switzerland"]

1.Nf3 d5 2.c4 dxc4 3.Qa4+ Nd7 4.Qxc4 e6 5.d4 c5 6.dxc5 Bxc5 7.Nc3 Ngf6 8.Bg5 Qc7
9.e3 a6 10.Be2 b5 11.Qb3 O-O 12.O-O Bb7 13.Rac1 Qb6 14.Rfd1 Rac8 15.Nd4 Rfe8 1/2-1/2

[Event "European Seniors Teams Ch."]
[Site "Olympus"]
[Date "2011.05.09"]
[Round "7"]
[Board "4"]
[White "Illi, Hans-Joerg"]
[Black "Singleton, Michael P F"]
[Result "0-1"]
[WhiteElo "2141"]
[BlackElo "2162"]
[PlyCount "56"]
[EventDate "2011.05.03"]
[EventType "team"]
[EventRounds "9"]
[EventCountry "GRE"]
[WhiteTeam "Switzerland"]
[BlackTeam "England 1"]

1.d4 Nf6 2.Nf3 g6 3.c4 Bg7 4.Nc3 d6 5.e4 O-O 6.Be2 e5 7.d5 Nbd7 8.O-O Nc5 9.Qc2
a5 10.Bg5 h6 11.Be3 b6 12.Nd2 Ng4 13.Bxg4 Bxg4 14.a3 Bc8 15.b4 Nd7 16.c5 bxc5
17.bxc5 f5 18.f3 Ba6 19.Rfd1 f4 20.Bf2 Qe7 21.c6 Nf6 22.Nb3 Bc8 23.Nb5 g5 24.Na7
Ba6 25.Nxa5 g4 26.fxg4 Nxg4 27.Rdb1 Ne3 28.Qd2 Qg5 0-1

[Event "European Seniors Teams Ch."]
[Site "Olympus"]
[Date "2011.05.09"]
[Round "7"]
[Board "1"]
[White "Gundersen, Helge"]
[Black "Bachmann, Karlheinz"]
[Result "0-1"]
[WhiteElo "2234"]
[BlackElo "2282"]
[PlyCount "24"]
[EventDate "2011.05.03"]
[EventType "team"]
[EventRounds "9"]
[EventCountry "GRE"]
[WhiteTeam "Norway 1"]
[BlackTeam "Sportfreunde, Katernberg"]

1.b4 c6 2.Bb2 Qb6 3.a3 a5 4.Nc3 axb4 5.axb4 Rxa1 6.Qxa1 Qxb4 7.Qa8 Qxb2 8.Qxb8
Kd8 9.e3 Qa1+ 10.Nd1 d6 11.Nf3 h6 12.Bc4 Nf6 0-1

[Event "European Seniors Teams Ch."]
[Site "Olympus"]
[Date "2011.05.09"]
[Round "7"]
[Board "2"]
[White "Rosen, Willy"]
[Black "Hauge, Tor Arne"]
[Result "1-0"]
[WhiteElo "2285"]
[BlackElo "2157"]
[PlyCount "57"]
[EventDate "2011.05.03"]
[EventType "team"]
[EventRounds "9"]
[EventCountry "GRE"]
[WhiteTeam "Sportfreunde, Katernberg"]
[BlackTeam "Norway 1"]

1.e4 c6 2.d4 d5 3.e5 Bf5 4.Nc3 e6 5.g4 Bg6 6.Nge2 Qh4 7.Ng3 Bb4 8.Be3 h5 9.h3
Nd7 10.Qd2 f6 11.Be2 O-O-O 12.O-O-O Ne7 13.gxh5 Bxc3 14.Qxc3 Be4 15.Nxe4 Qxe4
16.Qa3 Nf5 17.Bd3 Qf3 18.Bxf5 Qxf5 19.Rhg1 Rdg8 20.Qxa7 fxe5 21.Rd3 exd4 22.Rb3
b6 23.Bxd4 c5 24.Bxg7 Qxh5 25.Rbg3 Qe2 26.Be5 Qxe5 27.Rxg8+ Nf8 28.Rxh8 Qxh8
29.Rg7 1-0

[Event "European Seniors Teams Ch."]
[Site "Olympus"]
[Date "2011.05.09"]
[Round "7"]
[Board "4"]
[White "Armbruester, Juergen"]
[Black "Strand, Oyvin"]
[Result "0-1"]
[WhiteElo "1600"]
[BlackElo "1972"]
[PlyCount "60"]
[EventDate "2011.05.03"]
[EventType "team"]
[EventRounds "9"]
[EventCountry "GRE"]
[WhiteTeam "Sportfreunde, Katernberg"]
[BlackTeam "Norway 1"]

1.e4 g6 2.d4 Bg7 3.Nc3 d6 4.f4 e6 5.Nf3 Ne7 6.Be3 Nd7 7.Bd3 a6 8.O-O c5 9.e5
cxd4 10.Bxd4 Nc6 11.Ne4 O-O 12.Nxd6 Nxd4 13.Nxd4 Nxe5 14.fxe5 Bxe5 15.Nxe6 Bxe6
16.Ne4 Bxb2 17.Rb1 Bxa2 18.Rxb2 Qd4+ 19.Kh1 Qxb2 20.Nf6+ Kg7 21.Qd2 Be6 22.Qg5
Rg8 23.h4 Rad8 24.Be4 b5 25.Nh5+ Kh8 26.Nf6 Bc4 27.Rf3 Rg7 28.h5 gxh5 29.Qxh5
Rd1+ 30.Kh2 Qd4 0-1

[Event "European Seniors Teams Ch."]
[Site "Olympus"]
[Date "2011.05.09"]
[Round "7"]
[Board "1"]
[White "Watzka, Horst"]
[Black "Malmdin, Nils-Ake"]
[Result "1/2-1/2"]
[WhiteElo "2274"]
[BlackElo "2278"]
[PlyCount "27"]
[EventDate "2011.05.03"]
[EventType "team"]
[EventRounds "9"]
[EventCountry "GRE"]
[WhiteTeam "Steiermark, Austria"]
[BlackTeam "Sweden 1"]

1.e4 g6 2.d4 Bg7 3.Nf3 d6 4.Bc4 Nf6 5.Qe2 O-O 6.c3 Bg4 7.Nbd2 e5 8.dxe5 dxe5
9.h3 Bxf3 10.Nxf3 Nbd7 11.O-O c6 12.Bg5 h6 13.Bxf6 Qxf6 14.Rad1 1/2-1/2

[Event "European Seniors Teams Ch."]
[Site "Olympus"]
[Date "2011.05.09"]
[Round "7"]
[Board "2"]
[White "Petersson, Gosta"]
[Black "Kratschmer, Heinz"]
[Result "1-0"]
[WhiteElo "2113"]
[BlackElo "2177"]
[PlyCount "179"]
[EventDate "2011.05.03"]
[EventType "team"]
[EventRounds "9"]
[EventCountry "GRE"]
[WhiteTeam "Sweden 1"]
[BlackTeam "Steiermark, Austria"]

1.g3 Nf6 2.Bg2 e5 3.c4 d5 4.cxd5 Nxd5 5.Nc3 Nb6 6.Nf3 Nc6 7.O-O Be7 8.d3 O-O
9.Be3 Re8 10.Rc1 Bf8 11.Na4 Nd4 12.Nc5 c6 13.a4 Nf5 14.Bg5 f6 15.Bd2 Bxc5
16.Rxc5 Be6 17.a5 Nd7 18.Rc1 Rc8 19.Qa4 Nb8 20.b4 Qd7 21.Rfe1 Na6 22.Qa3 Nc7
23.Bc3 Rcd8 24.Nd2 Nb5 25.Qb2 Nxc3 26.Qxc3 a6 27.Ne4 Qd4 28.Nc5 Qxc3 29.Rxc3 Bc8
30.e3 Nd6 31.Bf1 Re7 32.Be2 Nb5 33.Rcc1 Nc7 34.Bd1 Kf8 35.Bc2 Ne6 36.Nb3 Ng5
37.Nd2 Bf5 38.h4 Nf7 39.e4 Be6 40.f3 Nd6 41.Kf2 Red7 42.f4 exf4 43.gxf4 Nb5
44.e5 fxe5 45.Rxe5 Nd4 46.Bb1 Rf7 47.Rce1 Rxf4+ 48.Kg3 Rf6 49.Ne4 Rf3+ 50.Kg2
Bd5 51.Ng5 Rf5+ 52.Kg3 h6 53.Nh3 Rf3+ 54.Kg4 g6 55.Nf4 h5+ 56.Kg5 Rg3+ 57.Kh6
Nf5+ 58.Kh7 Bg8+ 59.Kh8 Nd6 60.Ne6+ Bxe6 61.Rxe6 g5 62.Ba2 Rd7 63.Rg6 Nf7+
64.Bxf7 gxh4 65.Rxg3 hxg3 66.Bxh5 Rd8 67.Bg6 g2 68.Kh7 Rd7+ 69.Kh6 Re7 70.Rg1
Re2 71.Be4 Rb2 72.Rxg2 Rxb4 73.Re2 Ke7 74.Bxc6+ Kd6 75.Be4 Ra4 76.Rb2 Rxa5
77.Rxb7 Ra3 78.Kg5 a5 79.Kf4 a4 80.Rb5 Ra2 81.Ra5 a3 82.Ke3 Ra1 83.Kd4 Kc7
84.Ra6 Ra2 85.Bd5 Ra1 86.Kc5 Rc1+ 87.Bc4 Ra1 88.d4 Kb7 89.Ra4 Kc7 90.d5 1-0

[Event "European Seniors Teams Ch."]
[Site "Olympus"]
[Date "2011.05.09"]
[Round "7"]
[Board "3"]
[White "Nickl, Klaus"]
[Black "Svensson, Soren"]
[Result "1-0"]
[WhiteElo "2149"]
[BlackElo "2109"]
[PlyCount "81"]
[EventDate "2011.05.03"]
[EventType "team"]
[EventRounds "9"]
[EventCountry "GRE"]
[WhiteTeam "Steiermark, Austria"]
[BlackTeam "Sweden 1"]

1.d4 Nf6 2.Bg5 d5 3.Bxf6 exf6 4.e3 Bd6 5.Bd3 Be6 6.Qf3 Nd7 7.Nd2 c6 8.Ne2 Qc7
9.Nc3 h5 10.Bf5 g6 11.Bxe6 fxe6 12.h3 O-O-O 13.O-O-O e5 14.Kb1 Rhf8 15.g4 e4
16.Qg2 h4 17.Ne2 g5 18.c4 Qa5 19.cxd5 cxd5 20.Rc1+ Kb8 21.Nb3 Qa6 22.Nc3 Nb6
23.Nc5 Bxc5 24.dxc5 Nc4 25.Rhd1 Qc6 26.Ne2 Ne5 27.Nd4 Qd7 28.Rc3 Rc8 29.f3 f5
30.Qh2 f4 31.exf4 gxf4 32.fxe4 dxe4 33.Qh1 f3 34.Nf5 Qc6 35.Qh2 Qc7 36.Qf4 Nd3
37.Qe3 Qe5 38.Rcxd3 Rxc5 39.Rd4 Qh2 40.R4d2 Qxh3 41.Qxc5 1-0

[Event "European Seniors Teams Ch."]
[Site "Olympus"]
[Date "2011.05.09"]
[Round "7"]
[Board "4"]
[White "Sandklef, Ake"]
[Black "Pitzl, Konstantinos"]
[Result "0-1"]
[WhiteElo "2017"]
[BlackElo "2095"]
[PlyCount "66"]
[EventDate "2011.05.03"]
[EventType "team"]
[EventRounds "9"]
[EventCountry "GRE"]
[WhiteTeam "Sweden 1"]
[BlackTeam "Steiermark, Austria"]

1.d4 Nf6 2.c4 g6 3.Nc3 Bg7 4.e4 d6 5.f3 O-O 6.Be3 c6 7.Qd2 Nbd7 8.O-O-O Qa5
9.Kb1 a6 10.Nge2 b5 11.Nc1 b4 12.N3e2 c5 13.Nb3 Qc7 14.Nf4 cxd4 15.Bf2 e5 16.Nd5
Nxd5 17.cxd5 a5 18.Nc1 Nc5 19.Bb5 f5 20.Rhe1 Rb8 21.Bc6 fxe4 22.fxe4 Bg4 23.Bg3
Bxd1 24.Qxd1 Rf7 25.Nb3 Nxb3 26.axb3 Rbf8 27.Qd3 Bh6 28.Qb5 Bf4 29.Bxf4 Rxf4
30.Bd7 Rb8 31.Be6+ Kg7 32.Qd3 Rbf8 33.Rc1 Qxc1+ 0-1

[Event "European Seniors Teams Ch."]
[Site "Olympus"]
[Date "2011.05.09"]
[Round "7"]
[Board "1"]
[White "Skalkotas, Nikolaos"]
[Black "Macdonald-Ross, Michael"]
[Result "1/2-1/2"]
[WhiteElo "2183"]
[BlackElo "2157"]
[PlyCount "35"]
[EventDate "2011.05.03"]
[EventType "team"]
[EventRounds "9"]
[EventCountry "GRE"]
[WhiteTeam "Greece"]
[BlackTeam "England 2"]

1.c4 e6 2.g3 Nf6 3.Bg2 d5 4.Nf3 Be7 5.O-O O-O 6.d4 Nbd7 7.Qc2 c6 8.Rd1 b6 9.b3
Ba6 10.Nbd2 Rc8 11.e4 Bb7 12.e5 Ne8 13.cxd5 cxd5 14.Qb1 Qc7 15.Nf1 Qc2 16.Qxc2
Rxc2 17.Ne3 Rc8 18.Bb2 1/2-1/2

[Event "European Seniors Teams Ch."]
[Site "Olympus"]
[Date "2011.05.09"]
[Round "7"]
[Board "2"]
[White "Ashby, Anthony C"]
[Black "Tsomis, Dimitrios"]
[Result "1/2-1/2"]
[WhiteElo "2151"]
[BlackElo "2187"]
[PlyCount "52"]
[EventDate "2011.05.03"]
[EventType "team"]
[EventRounds "9"]
[EventCountry "GRE"]
[WhiteTeam "England 2"]
[BlackTeam "Greece"]

1.e4 c5 2.Nf3 d6 3.d4 cxd4 4.Nxd4 Nf6 5.Nc3 a6 6.h3 b5 7.g4 Bb7 8.Bg2 e6 9.a3
Qc7 10.O-O Be7 11.Be3 O-O 12.Qd2 Nc6 13.f4 Na5 14.b3 Rac8 15.Nde2 d5 16.e5 Ne4
17.Nxe4 dxe4 18.Ng3 f5 19.exf6 Bxf6 20.Ra2 Qc3 21.Nxe4 Bxe4 22.Bxe4 Qc7 23.a4
Rfd8 24.Qf2 Nc6 25.axb5 axb5 26.Kg2 Bd4 1/2-1/2

[Event "European Seniors Teams Ch."]
[Site "Olympus"]
[Date "2011.05.09"]
[Round "7"]
[Board "3"]
[White "Aftsoglou, Ioannis"]
[Black "Reuben, Stewart"]
[Result "1-0"]
[WhiteElo "2168"]
[BlackElo "2140"]
[PlyCount "77"]
[EventDate "2011.05.03"]
[EventType "team"]
[EventRounds "9"]
[EventCountry "GRE"]
[WhiteTeam "Greece"]
[BlackTeam "England 2"]

1.c4 c5 2.Nc3 g6 3.b3 Bg7 4.Bb2 Nc6 5.e3 Nh6 6.Nf3 d6 7.h3 e6 8.Qc1 Nf5 9.Be2
O-O 10.Na4 e5 11.Nc3 Be6 12.h4 h6 13.d3 a6 14.Qd2 Rb8 15.g4 Nfe7 16.g5 h5 17.Ne4
Nf5 18.O-O-O b5 19.Nf6+ Bxf6 20.gxf6 Qxf6 21.Ng5 Nxh4 22.f4 Nf5 23.Rdg1 Ng7
24.Bf3 Rbc8 25.Bxh5 gxh5 26.Ne4 Qe7 27.Rxh5 f6 28.Qh2 Bf5 29.Rxf5 Kf7 30.Rxf6+
Ke8 31.Rxf8+ Qxf8 32.Nxd6+ Qxd6 33.Rxg7 Ne7 34.Qh5+ Kd7 35.Qxe5 Qxe5 36.Bxe5 Ke6
37.e4 bxc4 38.bxc4 Nc6 39.Bc3 1-0

[Event "European Seniors Teams Ch."]
[Site "Olympus"]
[Date "2011.05.09"]
[Round "7"]
[Board "4"]
[White "Scholes, James E"]
[Black "Kaloskambis, Mihail"]
[Result "1/2-1/2"]
[WhiteElo "2110"]
[BlackElo "2041"]
[PlyCount "60"]
[EventDate "2011.05.03"]
[EventType "team"]
[EventRounds "9"]
[EventCountry "GRE"]
[WhiteTeam "England 2"]
[BlackTeam "Greece"]

1.c4 f5 2.Nc3 Nf6 3.g3 g6 4.Bg2 Bg7 5.d3 O-O 6.h3 d6 7.e3 c5 8.Nge2 Nc6 9.a3 h6
10.Rb1 a5 11.O-O e5 12.f4 Qe7 13.Kh2 Be6 14.Nd5 Bxd5 15.cxd5 Nd8 16.b4 axb4
17.axb4 b6 18.fxe5 Qxe5 19.Nf4 Kh7 20.d4 cxd4 21.exd4 Qe7 22.Re1 Ne4 23.Qd3 Ra2
24.Rb2 Rxb2 25.Bxb2 Re8 26.Bxe4 fxe4 27.Qb5 Rf8 28.Qe2 Re8 29.Qb5 Rf8 30.Qe2 Re8
1/2-1/2

[Event "European Seniors Teams Ch."]
[Site "Olympus"]
[Date "2011.05.09"]
[Round "7"]
[Board "1"]
[White "Blaushtain, Boris"]
[Black "Titz, Heimo"]
[Result "0-1"]
[WhiteElo "2115"]
[BlackElo "2183"]
[PlyCount "44"]
[EventDate "2011.05.03"]
[EventType "team"]
[EventRounds "9"]
[EventCountry "GRE"]
[WhiteTeam "Israel 2"]
[BlackTeam "Niederoesterreich"]

1.d4 Nf6 2.c4 e6 3.a3 c5 4.d5 exd5 5.cxd5 d6 6.Nc3 g6 7.e4 Bg7 8.Bd3 O-O 9.Nge2
Re8 10.O-O Nbd7 11.h3 c4 12.Bc2 Nc5 13.Ng3 a6 14.Be3 Nfd7 15.Qd2 b5 16.Nge2 Bb7
17.Rae1 Rc8 18.Bf4 Ne5 19.Bxe5 Bxe5 20.f4 Bg7 21.Nd4 Qb6 22.Rd1 Nd3 0-1

[Event "European Seniors Teams Ch."]
[Site "Olympus"]
[Date "2011.05.09"]
[Round "7"]
[Board "3"]
[White "Ben-Zeev, Moshe"]
[Black "Weinwurm, Wolfgang"]
[Result "1/2-1/2"]
[WhiteElo "2006"]
[BlackElo "2190"]
[PlyCount "60"]
[EventDate "2011.05.03"]
[EventType "team"]
[EventRounds "9"]
[EventCountry "GRE"]
[WhiteTeam "Israel 2"]
[BlackTeam "Niederoesterreich"]

1.d4 Nf6 2.Bg5 c5 3.Nc3 cxd4 4.Qxd4 Nc6 5.Qd2 e6 6.Nf3 h6 7.Bxf6 Qxf6 8.a3 d5
9.O-O-O Bc5 10.e3 O-O 11.Nd4 Nxd4 12.exd4 Bd6 13.g3 a6 14.f4 b5 15.Na2 Bd7 16.b4
a5 17.Kb2 Ra7 18.c3 Rfa8 19.Ra1 Qd8 20.Nc1 axb4 21.cxb4 Qf6 22.Nb3 Bc7 23.Be2
Bb6 24.Rhc1 g5 25.Rf1 Qe7 26.Bd3 gxf4 27.gxf4 Kf8 28.Qe2 Qh4 29.Qf2 Qxf2+
30.Rxf2 Ke7 {39 moves} 1/2-1/2

[Event "European Seniors Teams Ch."]
[Site "Olympus"]
[Date "2011.05.09"]
[Round "7"]
[Board "4"]
[White "Strobel, Ferdinand"]
[Black "Hadar, Avner"]
[Result "1-0"]
[WhiteElo "2128"]
[BlackElo "1600"]
[PlyCount "32"]
[EventDate "2011.05.03"]
[EventType "team"]
[EventRounds "9"]
[EventCountry "GRE"]
[WhiteTeam "Niederoesterreich"]
[BlackTeam "Israel 2"]

1.f4 Nf6 2.Nf3 e6 3.g3 c5 4.Bg2 Nc6 5.O-O d5 6.d3 g6 7.c3 Bg7 8.Qe1 O-O 9.h3 d4
10.c4 Rb8 11.Na3 a6 12.Bd2 b5 13.b3 Nd7 14.g4 b4 15.Nc2 Ne7 16.Qh4 Bb7 {51
moves} 1-0

[Event "European Seniors Teams Ch."]
[Site "Olympus"]
[Date "2011.05.10"]
[Round "8"]
[Board "1"]
[White "Vasiukov, Evgeni"]
[Black "Tatai, Stefano"]
[Result "1/2-1/2"]
[WhiteElo "2480"]
[BlackElo "2361"]
[PlyCount "51"]
[EventDate "2011.05.03"]
[EventType "team"]
[EventRounds "9"]
[EventCountry "GRE"]
[WhiteTeam "Russia"]
[BlackTeam "Italy"]

1.e4 c5 2.Nf3 d6 3.d4 cxd4 4.Qxd4 a6 5.Be3 Nc6 6.Qd2 Nf6 7.Nc3 e6 8.O-O-O Ng4
9.Bg5 Qc7 10.h3 Nge5 11.Nd4 h6 12.Be3 Nxd4 13.Qxd4 b5 14.f4 Nc6 15.Qd2 Be7
16.Kb1 Bb7 17.Qf2 Rc8 18.Bb6 Qb8 19.Bd3 Nb4 20.Bd4 Nxd3 21.cxd3 e5 22.Be3 Bf6
23.Rhf1 Qc7 24.Rc1 Qd7 25.a3 h5 26.fxe5 1/2-1/2

[Event "European Seniors Teams Ch."]
[Site "Olympus"]
[Date "2011.05.10"]
[Round "8"]
[Board "2"]
[White "Mariotti, Sergio"]
[Black "Shvedchikov, Anatoli I"]
[Result "1/2-1/2"]
[WhiteElo "2329"]
[BlackElo "2412"]
[PlyCount "30"]
[EventDate "2011.05.03"]
[EventType "team"]
[EventRounds "9"]
[EventCountry "GRE"]
[WhiteTeam "Italy"]
[BlackTeam "Russia"]

1.e4 c5 2.Nf3 Nc6 3.d4 cxd4 4.Nxd4 g6 5.c4 Bg7 6.Be3 Nf6 7.Nc3 d6 8.Be2 O-O
9.O-O Bd7 10.Qd2 Nxd4 11.Bxd4 Bc6 12.f3 a5 13.b3 Nd7 14.Be3 Nc5 15.Rab1 Qb6 1/2-1/2

[Event "European Seniors Teams Ch."]
[Site "Olympus"]
[Date "2011.05.10"]
[Round "8"]
[Board "3"]
[White "Pushkov, Nikolai"]
[Black "Micheli, Carlo"]
[Result "1/2-1/2"]
[WhiteElo "2406"]
[BlackElo "2258"]
[PlyCount "189"]
[EventDate "2011.05.03"]
[EventType "team"]
[EventRounds "9"]
[EventCountry "GRE"]
[WhiteTeam "Russia"]
[BlackTeam "Italy"]

1.Nf3 g6 2.d4 Bg7 3.c4 d6 4.Nc3 Nf6 5.e4 O-O 6.h3 Na6 7.Bg5 Qe8 8.Bd3 e5 9.d5 c6
10.Qd2 Bd7 11.O-O cxd5 12.Bxf6 Bxf6 13.Nxd5 Bd8 14.b4 Nc7 15.Nxc7 Bxc7 16.Rfd1
Qe7 17.Bc2 Rad8 18.a4 Kg7 19.a5 h6 20.Nh2 f5 21.exf5 gxf5 22.Ra3 Qf6 23.Nf1 f4
24.Be4 Bc8 25.Qe2 Kh8 26.Bd5 Rd7 27.Qf3 Bd8 28.Nd2 Rg7 29.Ne4 Qg6 30.Kf1 Bf5
31.a6 b6 32.Nc3 Bc7 33.Ra2 Qe8 34.Re2 Bg6 35.Bc6 Qf7 36.Qd5 Bh5 37.f3 Qe7 38.Nb5
Bf7 39.Qd3 Bb8 40.Bd5 Bg6 41.Be4 Bf7 42.Rc2 Rd8 43.Rcd2 d5 44.cxd5 Qxb4 45.Rb1
Qa5 46.Rc2 Qxa6 47.Rc6 Qa2 48.Rxh6+ Kg8 49.Bh7+ Kf8 50.Qc2 Qxc2 51.Bxc2 Rxd5
52.Rh8+ Rg8 53.Rxg8+ Bxg8 54.Ke1 Rc5 55.Be4 a6 56.Na3 b5 57.Kd2 Bc7 58.h4 Ba5+
59.Ke2 Rc3 60.Ra1 b4 61.Nb1 Re3+ 62.Kd2 Bc7 63.Rxa6 Bf7 64.Rc6 Bd8 65.Rc5 Bxh4
66.Rxe5 Be1+ 67.Kc1 Bb3 68.Rf5+ Ke7 69.Bc2 Be6 70.Rxf4 b3 71.Bh7 Bd5 72.Rd4 Re5
73.Be4 Be6 74.Kd1 Ba5 75.Ke2 Rc5 76.Nd2 Rc2 77.Kd1 Ra2 78.g4 Kf6 79.Rd6 Ke5
80.Rxe6+ Kxe6 81.Nxb3 Bc3 82.g5 Ke5 83.g6 Kf4 84.Kc1 Rg2 85.Nc5 Bb2+ 86.Kd1 Ke3
87.Nd3 Bc3 88.Kc1 Bf6 89.Nb4 Kd4 90.Nd5 Be5 91.Kd1 Bg7 92.Ke1 Rb2 93.Kf1 Bh6
94.Ne7 Ke5 95.Nd5 1/2-1/2

[Event "European Seniors Teams Ch."]
[Site "Olympus"]
[Date "2011.05.10"]
[Round "8"]
[Board "4"]
[White "Rosino, Antonio"]
[Black "Chernikov, Oleg L"]
[Result "0-1"]
[WhiteElo "2248"]
[BlackElo "2430"]
[PlyCount "72"]
[EventDate "2011.05.03"]
[EventType "team"]
[EventRounds "9"]
[EventCountry "GRE"]
[WhiteTeam "Italy"]
[BlackTeam "Russia"]

1.e4 g6 2.c3 Bg7 3.d4 d6 4.Nf3 Nf6 5.Bd3 O-O 6.O-O Bg4 7.Nbd2 Nc6 8.h3 Bxf3
9.Nxf3 Nd7 10.Bg5 Bf6 11.Bxf6 Nxf6 12.Re1 e6 13.Qd2 Kg7 14.Rad1 a6 15.e5 Nd7
16.Qf4 Qe7 17.Be4 Rae8 18.Re3 d5 19.Bd3 Nd8 20.h4 f6 21.exf6+ Nxf6 22.Rde1 Qd6
23.Qxd6 cxd6 24.Ng5 e5 25.dxe5 Ng4 26.R3e2 Rxe5 27.f3 Rxe2 28.Rxe2 Ne5 29.Bc2 h6
30.Nh3 Ndc6 31.Bd1 d4 32.cxd4 Nxd4 33.Re4 Nf5 34.Kf1 Ng3+ 35.Ke1 Nxe4 36.fxe4
Nd3+ 0-1

[Event "European Seniors Teams Ch."]
[Site "Olympus"]
[Date "2011.05.10"]
[Round "8"]
[Board "1"]
[White "Tseitlin, Mark D"]
[Black "Uhlmann, Wolfgang"]
[Result "1-0"]
[WhiteElo "2419"]
[BlackElo "2389"]
[PlyCount "51"]
[EventDate "2011.05.03"]
[EventType "team"]
[EventRounds "9"]
[EventCountry "GRE"]
[WhiteTeam "Israel 1"]
[BlackTeam "Germany"]

1.e4 e6 2.d4 d5 3.Nd2 c5 4.Ngf3 Nc6 5.Bb5 dxe4 6.Nxe4 Qa5+ 7.Nc3 cxd4 8.Nxd4 Bd7
9.Nxc6 bxc6 10.Qf3 Rc8 11.Bd3 Nf6 12.O-O Be7 13.Ne4 Nxe4 14.Bxe4 O-O 15.Qd3 Rfd8
16.Bxh7+ Kf8 17.Qh3 Bf6 18.Bd3 c5 19.Rd1 c4 20.Bd2 Qb6 21.Be4 Bc6 22.Be3 Qa5
23.Rxd8+ Bxd8 24.Bxc6 Rxc6 25.Qh8+ Ke7 26.Qxg7 1-0

[Event "European Seniors Teams Ch."]
[Site "Olympus"]
[Date "2011.05.10"]
[Round "8"]
[Board "2"]
[White "Hecht, Hans-Joachim"]
[Black "Birnboim, Nathan"]
[Result "1-0"]
[WhiteElo "2377"]
[BlackElo "2362"]
[PlyCount "119"]
[EventDate "2011.05.03"]
[EventType "team"]
[EventRounds "9"]
[EventCountry "GRE"]
[WhiteTeam "Germany"]
[BlackTeam "Israel 1"]

1.Nf3 d5 2.d4 Nf6 3.c4 e6 4.Nc3 a6 5.cxd5 Nxd5 6.Bg5 Be7 7.Bxe7 Qxe7 8.Qb3 O-O
9.e4 Nxc3 10.Qxc3 b5 11.Bd3 Bb7 12.O-O Rc8 13.Rac1 Nd7 14.b4 a5 15.a3 c6 16.Rfe1
axb4 17.axb4 h6 18.h3 Ra4 19.Rb1 Rca8 20.Bc2 Ra3 21.Bb3 Qf8 22.Qd2 Nb6 23.Ne5
Qd6 24.Qf4 Rf8 25.Qc1 Rfa8 26.Rd1 Nd7 27.Nd3 Qe7 28.Qf4 Nb6 29.Nc5 Bc8 30.Qd2
Bd7 31.Qb2 Be8 32.Qd2 Rd8 33.Qb2 Ra7 34.e5 Nd5 35.Bxd5 cxd5 36.Ra1 Rda8 37.Qc3
Qc7 38.Rdc1 Ra2 39.Rxa2 Rxa2 40.Ra1 Qa7 41.Rxa2 Qxa2 42.g3 Qc4 43.Qa1 Kf8 44.Qa5
Qxd4 45.Kg2 g5 46.Qd8 Qxb4 47.Nd7+ Kg7 48.Qxe8 Qe4+ 49.Kh2 Qf3 50.Kg1 Qa3 51.Kg2
d4 52.Nf6 Qf8 53.Qxf8+ Kxf8 54.Kf3 b4 55.Nd7+ Ke7 56.Nc5 f5 57.exf6+ Kxf6 58.Ke4
h5 59.g4 hxg4 60.hxg4 1-0

[Event "European Seniors Teams Ch."]
[Site "Olympus"]
[Date "2011.05.10"]
[Round "8"]
[Board "3"]
[White "Maryasin, Boris"]
[Black "Klundt, Klaus"]
[Result "1/2-1/2"]
[WhiteElo "2323"]
[BlackElo "2379"]
[PlyCount "44"]
[EventDate "2011.05.03"]
[EventType "team"]
[EventRounds "9"]
[EventCountry "GRE"]
[WhiteTeam "Israel 1"]
[BlackTeam "Germany"]

1.e4 c5 2.Nf3 Nc6 3.d4 cxd4 4.Nxd4 Qb6 5.Nb3 Nf6 6.Nc3 e6 7.Bd3 a6 8.f4 d6 9.Qf3
Qc7 10.g4 b5 11.g5 Nd7 12.Bd2 Nc5 13.O-O Bb7 14.Qh3 Be7 15.g6 Bf6 16.e5 Nxb3
17.axb3 dxe5 18.gxf7+ Qxf7 19.Ne4 O-O-O 20.Nc5 e4 21.Nxe4 Bd4+ 22.Be3 Nb4 1/2-1/2

[Event "European Seniors Teams Ch."]
[Site "Olympus"]
[Date "2011.05.10"]
[Round "8"]
[Board "4"]
[White "Werner, Clemens"]
[Black "Lederman, Leon"]
[Result "1-0"]
[WhiteElo "2344"]
[BlackElo "2272"]
[PlyCount "209"]
[EventDate "2011.05.03"]
[EventType "team"]
[EventRounds "9"]
[EventCountry "GRE"]
[WhiteTeam "Germany"]
[BlackTeam "Israel 1"]

1.e4 c5 2.c3 d5 3.exd5 Qxd5 4.Nf3 Nf6 5.d4 e6 6.Na3 a6 7.Nc4 Nbd7 8.Be2 cxd4
9.Nxd4 Qc5 10.Be3 Qc7 11.a4 Be7 12.Bg5 Nb6 13.Nxb6 Qxb6 14.Qc2 Qc5 15.Bh4 O-O
16.O-O Nd5 17.Bxe7 Qxe7 18.Bf3 Nf6 19.a5 e5 20.Rfe1 Qc7 21.Nf5 Be6 22.Ne3 Rad8
23.b4 Rd7 24.Rad1 Rc8 25.Rxd7 Nxd7 26.Rc1 b6 27.axb6 Qxb6 28.Qa4 Rb8 29.Be2 Ra8
30.Ra1 f5 31.Qa5 f4 32.Nd5 Qxa5 33.Rxa5 Bxd5 34.Rxd5 Ra7 35.Rd6 Kf7 36.Rxa6 Rc7
37.c4 Rb7 38.Ra4 Nb6 39.Ra1 Nd7 40.Rb1 Nc5 41.g3 g5 42.f3 h5 43.Kf2 Kf6 44.gxf4
gxf4 45.Ke1 h4 46.Bf1 e4 47.fxe4 Ke5 48.Ke2 Nxe4 49.Bg2 Rg7 50.Bxe4 Kxe4 51.Kf1
Kd4 52.c5 Kc4 53.Kf2 Kb5 54.Kf3 h3 55.Rb2 Rg8 56.Rb1 Rg7 57.Kxf4 Rg2 58.Kf3 Rxh2
59.Kg3 Rg2+ 60.Kxh3 Rg6 61.Kh4 Rg8 62.Kh5 Rg2 63.Kh6 Rg4 64.Kh7 Rg2 65.Rc1 Rd2
66.Kg6 Rf2 67.Kg7 Kc6 68.Rc4 Rf1 69.Kg6 Rf2 70.Kg5 Rf1 71.Rf4 Re1 72.Kf5 Kb5
73.Re4 Rf1+ 74.Ke5 Rf8 75.Kd6 Rh8 76.Kd7 Rh7+ 77.Re7 Rh6 78.Re4 Rh7+ 79.Kd6 Rh6+
80.Re6 Rh7 81.c6 Kb6 82.b5 Rh1 83.Re5 Rd1+ 84.Rd5 Rh1 85.Ke5 Re1+ 86.Kd4 Rd1+
87.Kc4 Rc1+ 88.Kb3 Rb1+ 89.Kc2 Rb4 90.Kc3 Rb1 91.Re5 Rc1+ 92.Kb2 Rc4 93.Rd5 Rb4+
94.Kc3 Rb1 95.Re5 Rc1+ 96.Kd4 Rd1+ 97.Ke4 Rh1 98.Kf5 Rh5+ 99.Ke6 Rh7 100.Kd6 Rh1
101.Re8 Rd1+ 102.Ke6 Rd2 103.Rb8+ Kc7 104.Rb7+ Kc8 105.Ra7 1-0